HOT SEAT (Record no. 584953)

000 -LEADER
fixed length control field 00229nam a22001097a 4500
082 ## - DEWEY DECIMAL CLASSIFICATION NUMBER
Classification number 808.3 BUT'H
100 ## - MAIN ENTRY--PERSONAL NAME
Personal name BUTTERWORTH, W. E
9 (RLIN) 79975
245 ## - TITLE STATEMENT
Title HOT SEAT
260 ## - PUBLICATION, DISTRIBUTION, ETC.
Place of publication, distribution, etc. NEWYORK
Name of publisher, distributor, etc. SIGNET
Date of publication, distribution, etc. 1961
300 ## - PHYSICAL DESCRIPTION
Extent 128P
942 ## - ADDED ENTRY ELEMENTS (KOHA)
Koha item type Book
Holdings
Withdrawn status Lost status Source of classification or shelving scheme Damaged status Not for loan Permanent Location Current Location Shelving location Date acquired Shelving control number Full call number Barcode Date last seen Price effective from Koha item type Public note
          College of Electrical & Mechanical Engineering (CEME) College of Electrical & Mechanical Engineering (CEME) Fiction 07/06/2017 English Literature 808.3 BUT'H CEME-6151 06/28/2021 06/28/2021 Book CART-4
© 2023 Central Library, National University of Sciences and Technology. All Rights Reserved.